Financial Accounting: A User Perspective (Record no. 3550)

MARC details
005 - DATE AND TIME OF LATEST TRANSACTION
control field 20250613081711.0
020 ## - INTERNATIONAL STANDARD BOOK NUMBER
International Standard Book Number 0-471-14103-8
082 ## - DEWEY DECIMAL CLASSIFICATION NUMBER
Classification number 657 HOS
100 ## - MAIN ENTRY--PERSONAL NAME
Author name HOSKIN, E. R.
245 ## - TITLE STATEMENT
Title Financial Accounting: A User Perspective
250 ## - EDITION STATEMENT
Edition statement 2nd Ed.
260 ## - PUBLICATION, DISTRIBUTION, ETC.
Place of publication, distribution, etc. New York
Name of publisher, distributor, etc. John Wiley & Sons, Inc
Date of publication, distribution, etc. 1997
300 ## - PHYSICAL DESCRIPTION
Extent xix, 919p.
Other physical details Index
Dimensions 24 cm
942 ## - ADDED ENTRY ELEMENTS (KOHA)
Source of classification or shelving scheme Dewey Decimal Classification
Koha item type Books
Holdings
Date last seen Total checkouts Full call number Barcode Cost, replacement price Price effective from Koha item type Lost status Source of classification or shelving scheme Damaged status Not for loan Withdrawn status Home library Current library Shelving location Date acquired Source of acquisition Cost, normal purchase price
06/27/2025   657HOS DOM000289 150000.00 06/27/2025 Books   Dewey Decimal Classification       CBE Dodoma CBE Dodoma General Collection 06/01/2007   50000.00
06/27/2025   657HOS DOM000312 150000.00 06/27/2025 Books   Dewey Decimal Classification       CBE Dodoma CBE Dodoma General Collection 06/01/2007   50000.00
06/27/2025   657HOS DOM000287 150000.00 06/27/2025 Books   Dewey Decimal Classification       CBE Dodoma CBE Dodoma General Collection 06/01/2007   50000.00
06/27/2025   657HOS DOM000288 150000.00 06/27/2025 Books   Dewey Decimal Classification       CBE Dodoma CBE Dodoma General Collection 06/01/2007   50000.00
06/27/2025   657HOS DOM000285 150000.00 06/27/2025 Books   Dewey Decimal Classification       CBE Dodoma CBE Dodoma General Collection 06/01/2007   50000.00
06/27/2025   657HOS DOM000286 150000.00 06/27/2025 Books   Dewey Decimal Classification       CBE Dodoma CBE Dodoma General Collection 06/01/2007   50000.00
06/09/2025   657 HOS MZA000549 150000.00 06/09/2025 Books   Dewey Decimal Classification       CBE Mwanza CBE Mwanza General Collection 06/01/2007 Library Budget 50000.00
06/09/2025   657 HOS MZA000550 150000.00 06/09/2025 Books   Dewey Decimal Classification       CBE Mwanza CBE Mwanza General Collection 06/01/2007 Library Budget 50000.00